| 000 | 00965nam a2200253Ia 4500 | ||
|---|---|---|---|
| 003 | OSt | ||
| 005 | 20221005113529.0 | ||
| 006 | a|||||r|||| 00| 0 | ||
| 007 | ta | ||
| 008 | 221004b |||||||| |||| 00| 0 pan d | ||
| 020 |
_a9789387629813 (hbk) _cINR 250.00 |
||
| 024 | _a65390 | ||
| 037 |
_b1191, 06/02/2020, H.K. Prakashan _cTextual |
||
| 040 |
_aCRL _cCRL _bpan |
||
| 041 |
_2pan _apan |
||
| 082 | _aQ8441xK21, 153Q9 | ||
| 100 | _aਸੁਰਿੰਦਰ ਸਿੰਘ, ਂਚ. | ||
| 245 | 0 |
_aਗੁਰੂ ਤੇਗ ਬਹਾਦਰ ਜੀ ਦੀ ਬਾਣੀ _b ਮਨ ਤੋ੍ਵ ਮੁਕਤੀ ਤੱਕ |
|
| 260 |
_aਲੁਧਿਆਨਾ _bਚੇਤਨਾ ਪ੍ਰਕਾFਨ ਭਾਰਤ _c2019 |
||
| 300 |
_a144ਪ੍ਰ0 _ccm. |
||
| 650 |
_aਸਿੱਖ ਧਰਮ _9156314 |
||
| 942 |
_hQ8441xK21, 153Q9 _cTEXL _2cc |
||
| 999 |
_c1028492 _d1028492 |
||